Sports Quiz

Random Sports or Baseball Quiz

MLB: Before and After Quiz Stats

Quiz Updated Nov 11, 2016

Challenge
Share
Tweet
Embed
Score 0/40 Timer 06:00
0 Plays Today
First Name(s)/Nickname(s) % Correct
HankAaron
97.7%
JeffBarry
96.1%
TommyJohn
92%
Brooks, JackieRobinson
91.8%
FelixJose
91.6%
'Catfish', ToriiHunter
91.4%
SteveCarlton
90.7%
NolanRyan
90.4%
CoryWade
89%
ChadCurtis
85.9%
J.D., StephenDrew
83.2%
SparkyLyle
83.1%
Chuck, TerryHarmon
82.4%
'Whitey'Ford
81.6%
Hack, 'Mookie'Wilson
81.1%
GeorgeBrett
80.9%
Mike, GeorgeScott
80%
GeneMichael
79.8%
XavierPaul
78.8%
KennyRogers
77.5%
First Name(s)/Nickname(s) % Correct
'Dizzy'Dean
75.2%
Ben, FrankFrancisco
75.1%
Carlos, CliffLee
74.2%
BranchRickey
72.8%
Bennie, MikeWarren
72.4%
Dave, JeffNelson
69%
Joey, JonJay
68%
ZachDuke
66.7%
Bill, RalphTerry
65.5%
JeffKent
63.6%
Frank, GormanThomas
62.4%
MikeCameron
59.4%
Dock, SammyEllis
56.9%
WaiteHoyt
52.2%
Tony, WillClark
51.9%
Elston, FrankHoward
50.2%
Joe, MikeMorgan
47.8%
Doyle, PeteAlexander
42.2%
Pat, RobertoKelly
40.6%
Cody, TysonRoss
38.5%

You're not logged in!

Compare scores with friends on all Sporcle quizzes.
Sign Up with Email
OR
Log In

You Might Also Like...

Show Comments

Extras

Top Quizzes Today


Score Distribution

Your Account Isn't Verified!

In order to create a playlist on Sporcle, you need to verify the email address you used during registration. Go to your Sporcle Settings to finish the process.